Statistics for Country Shapes in the World Map #2

Click here to take the quiz!

General Stats

  • This quiz has been taken 41,333 times
  • The average score is 18 of 20

Answer Stats

Country % Correct
Canada
100%
Spain
99%
Japan
99%
Iceland
98%
Egypt
98%
Finland
98%
Indonesia
96%
Greece
96%
Vietnam
94%
Iran
94%
Bolivia
92%
Yemen
92%
Algeria
92%
Ecuador
89%
Dominican Republic
86%
Guyana
85%
Nigeria
83%
Uzbekistan
82%
South Sudan
81%
Botswana
79%

Score Distribution

Percentile by Number Answered

Percent of People with Each Score

Your Score History

You have not taken this quiz